Key statistics of Thailand 1999

Salvato in:
Dettagli Bibliografici
Natura: Libro
Lingua:inglese
thailandese
Pubblicazione: Bangkok National Statistical Office, Office of the Prime Minister 1999
Soggetti:
Tags: Aggiungi Tag
Nessun Tag, puoi essere il primo ad aggiungerne!!

MARC

LEADER 00000nam a2200000 4500
001 c143078
005 20250512084806.1
020 |a 974-237-140-7 
041 0 |a eng 
041 0 |a tha 
044 |a TH 
245 1 0 |a Key statistics of Thailand 1999 
264 1 |a Bangkok  |b National Statistical Office, Office of the Prime Minister  |c 1999 
300 |a 114 s. 
610 2 0 |a Thajsko